000 00741nam a2200241Ia 4500
003 OSt
005 20220928123952.0
006 a|||||r|||| 00| 0
007 ta
008 220927b |||||||| |||| 00| 0 eng d
024 _a65485
037 _cTextual
040 _aSDCL
_cSDCL
_beng
041 _2eng
_aeng
082 _aV2:3(Q2)‘P, P5
100 _aGould William
_9460064
245 0 _aHindu nationalism and the language of politics in late colonial India
260 _aCambridge
_bCambridge University Press
_c2005
300 _axv,302p, Bib p 276-86
_ccm.
490 _aCambridge studies in Indian history and society, 11
942 _hV2:3(Q2)‘P, P5
_cTEXL
_2CC
999 _c775768
_d775768